000 01134nam a22003137a 4500
005 20101227153841.0
008 101227t xxu||||| |||| 00| 0 eng d
010 _aENG-101877
020 _a9780071071246
_c595.00
020 _a0071071245
_c595.00
035 _aEN-85410
037 _bDBAD/PUB
040 _adpl
_bEng
082 _a006.7
100 _925104
_aHolland, Charlie
_d1974-
245 _aMicrosoft SharePoint 2010 web applications :
_cby Charlie Holland
_bthe complete reference /
260 _aNew Delhi
_bTata McGraw Hill
_c2010
270 _a7 West Patel Nagar
_bNew Delhi
_e110008
300 _axxii, 537 p. :
_c24cm (pbk)
_bill.
500 _aIncludes bibliographical references and index.
630 _aMicrosoft SharePoint (Electronic resource)
_925114
650 _925107
_aIntranets (Computer networks)
650 _925108
_aWeb services.
650 _925109
650 _925112
700 _925105
942 _2ddc
_cEN
_h006.7
_mHOL
999 _c49558
_d49558